000 01373cam a2200349 a 4500
999 _c532341
_d532341
001 3054280
003 NUST
005 20191118114927.0
008 960827s1997 dcua b 001 0 eng
010 _a 96041097
020 _a156032046X
038 _aM.Ramzan
040 _aDLC
_cDLC
_dDLC
050 0 0 _aQA901
_b.A53 1997
082 0 0 _a532.0501515353
_220
_bTAN
100 1 _aTannehill, John C.
_91694
245 1 0 _aComputational fluid mechanics and heat transfer /
_cJohn C. Tannehill, Dale A. Anderson, Richard H. Pletcher.
250 _a2nd ed.
260 _aWashington, DC :
_bTaylor & Francis,
_c1997.
300 _axiii, 792 p. :
_bill. ;
_c25 cm.
440 0 _aSeries in computational and physical processes in mechanics and thermal sciences
_91695
500 _aAnderson's name appears first on the earlier ed.
504 _aIncludes bibliographical references (p. 745-782) and index.
650 0 _aFluid mechanics.
_91678
650 0 _aHeat
_xTransmission.
_91537
700 1 _aAnderson, Dale A.
_q(Dale Arden),
_d1936-
_91696
700 1 _aPletcher, Richard H.
_91697
856 4 2 _3Publisher description
_uhttp://www.loc.gov/catdir/enhancements/fy0647/96041097-d.html
906 _a7
_bcbc
_corignew
_d1
_eocip
_f19
_gy-gencatlg
942 _2ddc
_cBK